[Event "4NCL Division 1b"]
[Site "Hinckley Island ENG"]
[Date "2013.11.17"]
[Round "2.152"]
[White "Eckersley-Waites, Adam"]
[Black "Pert, Nicholas"]
[Result "1/2-1/2"]
[WhiteElo "2284"]
[BlackElo "2555"]
[PlyCount "140"]
[EventDate "2013.11.17"]
[WhiteTeam "Cambridge University 1"]
[BlackTeam "Wood Green HK 1"]

1. e4 e5 2. Nf3 Nc6 3. Bb5 a6 4. Ba4 Nf6 5. O-O Be7 6. Re1 b5 7. Bb3 O-O 8. a4
b4 9. d3 d6 10. a5 Be6 11. Nbd2 Qc8 12. Bc4 h6 13. h3 Re8 14. b3 Bf8 15. Bb2
Rb8 16. Nf1 Nd8 17. Bxe6 Nxe6 18. d4 exd4 19. Nxd4 Nxd4 20. Qxd4 Re6 21. Ng3
Qb7 22. Re3 Rbe8 23. Rae1 Qb5 24. e5 c5 25. Qd1 dxe5 26. Rxe5 Qc6 27. Qd3 Nd5
28. Rxe6 Rxe6 29. Rxe6 Qxe6 30. Qc4 Nc7 31. Qd3 Qd6 32. Qe2 Ne6 33. Nf5 Qd8 34.
Qg4 g6 35. Nh4 Bg7 36. Bxg7 Nxg7 37. Qc4 g5 38. Nf3 Qxa5 39. h4 Ne6 40. hxg5
hxg5 41. g3 Qd8 42. Qxa6 Qd1+ 43. Kg2 Qxc2 44. Qa8+ Kg7 45. Qd5 Qg6 46. Nd2 Qf6
47. Ne4 Qd4 48. Qf5 Kf8 49. Nxg5 Nxg5 50. Qxg5 c4 51. bxc4 b3 52. Qb5 b2 53.
Qb7 Qc3 54. c5 Qc2 55. Qc8+ Kg7 56. Qg4+ Kf6 57. Qd4+ Kg6 58. Qg4+ Kh6 59. Qf4+
Kg7 60. Qg4+ Kh7 61. Qh4+ Kg8 62. Qd8+ Kg7 63. Qg5+ Kh7 64. Qh5+ Kg8 65. Qg5+
Qg6 66. Qd8+ Kh7 67. Qh4+ Kg8 68. Qd8+ Kh7 69. Qh4+ Qh6 70. Qe4+ Qg6 1/2-1/2

[Event "4NCL Division 1b"]
[Site "Hinckley Island ENG"]
[Date "2013.11.17"]
[Round "2.153"]
[White "Aagaard, Jacob"]
[Black "Alfred, Nathan SW"]
[Result "1-0"]
[WhiteElo "2519"]
[BlackElo "2267"]
[PlyCount "105"]
[EventDate "2013.11.17"]
[WhiteTeam "Wood Green HK 1"]
[BlackTeam "Cambridge University 1"]

1. d4 Nf6 2. c4 g6 3. Nc3 Bg7 4. Bg5 c5 5. dxc5 Na6 6. g3 Nxc5 7. Bg2 Qa5 8.
Bd2 Qb6 9. Rb1 d5 10. b4 Nce4 11. c5 Qa6 12. Nf3 Bf5 13. Rc1 d4 14. Nxd4 Rd8
15. Nxf5 Rxd2 16. Qa4+ Qxa4 17. Nxg7+ Kf8 18. Nxa4 Kxg7 19. Nc3 Rd4 20. Nxe4
Nxe4 21. a3 f5 22. O-O a5 23. Rfd1 Rhd8 24. Rxd4 Rxd4 25. e3 Rd3 26. Bxe4 fxe4
27. b5 Kf6 28. Rc4 Ke5 29. c6 bxc6 30. bxc6 Rd8 31. Rc5+ Kd6 32. Rxa5 Kxc6 33.
Re5 Rd7 34. Rxe4 Ra7 35. a4 Kd5 36. Rd4+ Kc5 37. a5 e5 38. Re4 Kd5 39. Ra4 Ra6
40. Kg2 Kc5 41. Kh3 Kd5 42. Kg4 h6 43. h4 Ke6 44. h5 Kf6 45. hxg6 Kxg6 46. e4
Kf6 47. Kh5 Kg7 48. f4 exf4 49. gxf4 Kf7 50. f5 Kf6 51. Kxh6 Ra8 52. Kh5 Ra6
53. Kg4 1-0

[Event "4NCL Division 1b"]
[Site "Hinckley Island ENG"]
[Date "2013.11.17"]
[Round "2.155"]
[White "Houska, Jovanka"]
[Black "Spencer, Carl J"]
[Result "1/2-1/2"]
[WhiteElo "2416"]
[BlackElo "2200"]
[PlyCount "92"]
[EventDate "2013.11.17"]
[WhiteTeam "Wood Green HK 1"]
[BlackTeam "Cambridge University 1"]

1. d4 e6 2. c4 Nf6 3. Nf3 b6 4. g3 Ba6 5. b3 b5 6. cxb5 Bxb5 7. Nc3 Ba6 8. Bg2
d5 9. O-O Nbd7 10. Re1 Bb4 11. Bd2 O-O 12. a3 Be7 13. b4 Bb7 14. Na4 Ne4 15.
Bf4 c6 16. Nd2 f5 17. Nxe4 dxe4 18. Qb3 Rf6 19. f3 c5 20. Nxc5 Bd5 21. Qe3 exf3
22. Bxf3 Nb6 23. Rac1 a5 24. Nb7 Bxb7 25. Bxb7 Nd5 26. Bxd5 Qxd5 27. Rc7 Rf7
28. bxa5 Qxa5 29. Rec1 Qd5 30. R1c3 Bf6 31. Be5 Bxe5 32. Rc8+ Rf8 33. Rxf8+
Kxf8 34. dxe5 Ra5 35. Rc8+ Kf7 36. Rc7+ Kg6 37. Re7 Rb5 38. Qd3 Qxd3 39. exd3
Rxe5 40. d4 Re4 41. Kf2 Rxd4 42. Rxe6+ Kf7 43. Re3 Ra4 44. h4 h6 45. Rb3 Kf6
46. Kf3 g5 1/2-1/2

[Event "4NCL Division 1b"]
[Site "Hinckley Island ENG"]
[Date "2013.11.17"]
[Round "2.156"]
[White "Churm, Rohan M"]
[Black "Lalic, Bogdan"]
[Result "0-1"]
[WhiteElo "2180"]
[BlackElo "2486"]
[PlyCount "108"]
[EventDate "2013.11.17"]
[WhiteTeam "Cambridge University 1"]
[BlackTeam "Wood Green HK 1"]

1. e4 c5 2. Nc3 Nc6 3. g3 g6 4. Bg2 Bg7 5. d3 d6 6. Be3 Nd4 7. Qd2 Qa5 8. Nge2
Bg4 9. Bxd4 cxd4 10. Nd5 Qxd2+ 11. Kxd2 Rc8 12. c4 dxc3+ 13. Nexc3 Bd7 14. f4
Nf6 15. Ne3 Kd8 16. Bf3 h5 17. Bd1 Ng4 18. Bb3 Rf8 19. Ng2 b5 20. Raf1 Bd4 21.
Nd1 a5 22. h3 Nf6 23. a3 Bc6 24. Nh4 e6 25. Nf3 Bb6 26. Nc3 Nd7 27. Bc2 b4 28.
axb4 axb4 29. Ne2 Nc5 30. Ned4 Bb7 31. Nb3 Ke7 32. Nxc5 Rxc5 33. Bb3 Rfc8 34.
g4 d5 35. e5 d4 36. Bc4 Rxc4 37. dxc4 Rxc4 38. Rhg1 d3 39. Ne1 Bxg1 40. Rxg1
Rxf4 41. Nxd3 Rf3 42. gxh5 gxh5 43. Ra1 Be4 44. Ra7+ Kf8 45. Nc5 Bg6 46. h4 Rh3
47. b3 Rxh4 48. Ke3 Rg4 49. Kf3 Rd4 50. Rb7 h4 51. Rb8+ Kg7 52. Na6 Be4+ 53.
Ke3 h3 54. Rc8 Rd1 0-1

[Event "4NCL Division 1b"]
[Site "Hinckley Island ENG"]
[Date "2013.11.17"]
[Round "2.157"]
[White "Shaw, John K"]
[Black "McClement, Andrew"]
[Result "1-0"]
[WhiteElo "2422"]
[BlackElo "2194"]
[PlyCount "51"]
[EventDate "2013.11.17"]
[WhiteTeam "Wood Green HK 1"]
[BlackTeam "Cambridge University 1"]

1. e4 c5 2. f4 Nc6 3. Nf3 d5 4. exd5 Qxd5 5. Nc3 Qd8 6. Bb5 Bd7 7. O-O Nf6 8.
Ne5 Nd4 9. Nxd7 Nxd7 10. Bc4 e6 11. b3 Be7 12. Bb2 O-O 13. Ne2 Nxe2+ 14. Qxe2
Bf6 15. Bxf6 Nxf6 16. Rae1 Qd4+ 17. Qe3 Qxe3+ 18. Rxe3 Rfd8 19. f5 Rxd2 20.
fxe6 Rxc2 21. e7 a6 22. Rxf6 gxf6 23. e8=Q+ Rxe8 24. Rxe8+ Kg7 25. a4 Rb2 26.
Rb8 1-0

[Event "4NCL Division 1b"]
[Site "Hinckley Island ENG"]
[Date "2013.11.17"]
[Round "2.158"]
[White "Kueh, Audrey"]
[Black "Greet, Andrew N"]
[Result "0-1"]
[WhiteElo "2088"]
[BlackElo "2426"]
[PlyCount "22"]
[EventDate "2013.11.17"]
[WhiteTeam "Cambridge University 1"]
[BlackTeam "Wood Green HK 1"]

1. e4 d6 2. d4 Nf6 3. Bd3 e5 4. dxe5 dxe5 5. Bg5 h6 6. Bh4 Nbd7 7. Nf3 Be7 8.
Nbd2 Nh5 9. Nxe5 Nxe5 10. Bxe7 Qxe7 11. Qxh5 Bg4 0-1

[Event "4NCL Division 1b"]
[Site "Hinckley Island ENG"]
[Date "2013.11.17"]
[Round "2.161"]
[White "Adair, James R"]
[Black "Collins, Sam E"]
[Result "1-0"]
[WhiteElo "2399"]
[BlackElo "2474"]
[PlyCount "118"]
[EventDate "2013.11.17"]
[WhiteTeam "White Rose 1"]
[BlackTeam "Barbican 4NCL 1"]

1. e4 e5 2. Nf3 Nc6 3. Bb5 a6 4. Ba4 Nf6 5. O-O Be7 6. Re1 b5 7. Bb3 d6 8. c3
O-O 9. h3 Na5 10. Bc2 c5 11. d4 Qc7 12. Nbd2 cxd4 13. cxd4 Rd8 14. b3 Nc6 15.
Bb2 Qb6 16. a3 exd4 17. b4 Nd7 18. Nb3 d3 19. Bxd3 Bf6 20. Bxf6 Nxf6 21. Ra2
Be6 22. Ng5 Bxb3 23. Qxb3 Ne5 24. Bb1 Rac8 25. Rd2 Nc4 26. Rdd1 a5 27. Nf3 a4
28. Qc3 Ne5 29. Qd4 Nxf3+ 30. gxf3 Qc7 31. Bd3 Rb8 32. Bf1 d5 33. e5 Ne8 34.
Rc1 Qe7 35. f4 g6 36. f5 gxf5 37. Rc6 Ng7 38. Rf6 Ne6 39. Qh4 Kh8 40. Bd3 Ng5
41. Kh1 Ne4 42. f3 Rg8 43. fxe4 dxe4 44. Bb1 Rg7 45. Qf4 Rbg8 46. Qxf5 Qc7 47.
Qxe4 Qc3 48. Rf3 Qd2 49. Rff1 Qh6 50. Qe3 Qh5 51. Bf5 Rg3 52. Qf2 Rxh3+ 53.
Bxh3 Qxh3+ 54. Qh2 Qc3 55. Qh4 Qc6+ 56. Re4 Rg6 57. Rf6 Qc1+ 58. Re1 Qxa3 59.
Rxg6 fxg6 1-0

[Event "4NCL Division 1b"]
[Site "Hinckley Island ENG"]
[Date "2013.11.17"]
[Round "2.162"]
[White "Turner, Matthew J"]
[Black "McNab, Colin A"]
[Result "1/2-1/2"]
[WhiteElo "2514"]
[BlackElo "2453"]
[PlyCount "49"]
[EventDate "2013.11.17"]
[WhiteTeam "Barbican 4NCL 1"]
[BlackTeam "White Rose 1"]

1. d4 d6 2. Nf3 g6 3. c4 Bg7 4. Nc3 Nd7 5. e4 e5 6. Bg5 f6 7. Be3 Nh6 8. dxe5
dxe5 9. h3 c6 10. c5 Qe7 11. b4 Nf7 12. Bc4 O-O 13. O-O Rd8 14. b5 Nf8 15. Qa4
Be6 16. bxc6 bxc6 17. Bxe6 Qxe6 18. Rfd1 Rxd1+ 19. Rxd1 Qc8 20. Nd2 Ne6 21. Nc4
Bf8 22. Nd6 Qc7 23. Qc4 Qe7 24. Rb1 Rd8 25. Nxf7 1/2-1/2

[Event "4NCL Division 1b"]
[Site "Hinckley Island ENG"]
[Date "2013.11.17"]
[Round "2.163"]
[White "Palliser, Richard JD"]
[Black "Franklin, Samuel GA"]
[Result "1/2-1/2"]
[WhiteElo "2456"]
[BlackElo "2307"]
[PlyCount "71"]
[EventDate "2013.11.17"]
[WhiteTeam "White Rose 1"]
[BlackTeam "Barbican 4NCL 1"]

1. d4 Nf6 2. Nf3 g6 3. g3 Bg7 4. Bg2 O-O 5. O-O d6 6. a4 a5 7. Re1 Nbd7 8. e4
e5 9. Nc3 Re8 10. h3 b6 11. Be3 Bb7 12. d5 Nc5 13. Nd2 Bc8 14. Nb5 Bd7 15. Qe2
Kh8 16. c3 Ng8 17. b4 Na6 18. Qc4 f5 19. exf5 gxf5 20. f4 axb4 21. cxb4 exf4
22. Bxf4 Bxa1 23. Rxa1 Qf6 24. Nd4 Ne7 25. Rf1 Ng6 26. Ne6 Nxf4 27. Qxf4 Bxe6
28. dxe6 Qxe6 29. Bxa8 Rxa8 30. Nf3 Rf8 31. Qd4+ Kg8 32. Re1 Qb3 33. Re7 Rf7
34. Re8+ Rf8 35. Re7 Rf7 36. Re8+ 1/2-1/2

[Event "4NCL Division 1b"]
[Site "Hinckley Island ENG"]
[Date "2013.11.17"]
[Round "2.164"]
[White "Cox, John J"]
[Black "Croad, Nicolas"]
[Result "1-0"]
[WhiteElo "2376"]
[BlackElo "2283"]
[PlyCount "172"]
[EventDate "2013.11.17"]
[WhiteTeam "Barbican 4NCL 1"]
[BlackTeam "White Rose 1"]

1. c4 e6 2. g3 Nf6 3. Bg2 d5 4. Nf3 Be7 5. O-O O-O 6. b3 b6 7. Bb2 Bb7 8. e3
Nbd7 9. Nc3 Ne4 10. Ne2 dxc4 11. bxc4 Bf6 12. Qc2 c5 13. a4 Qc7 14. a5 bxa5 15.
Bxf6 Nexf6 16. Qa4 Bc6 17. Qxa5 Qb7 18. Qa6 Rfb8 19. Qxb7 Rxb7 20. Ra6 Rb6 21.
Rfa1 Rxa6 22. Rxa6 Bb7 23. Ra5 a6 24. Nc3 Rb8 25. Ne1 Bxg2 26. Kxg2 Rb2 27. Nf3
Rb6 28. Kf1 Kf8 29. Ke2 Rb4 30. Rxa6 Rxc4 31. Ne1 Rb4 32. Nd3 Rb7 33. Rc6 g6
34. Nxc5 Nxc5 35. Rxc5 Kg7 36. Ra5 h5 37. h3 Rd7 38. f4 Rb7 39. e4 Ng8 40. Ke3
Ne7 41. Rc5 Ra7 42. Rb5 Ng8 43. Rb8 Ra1 44. Rb1 Ra7 45. g4 hxg4 46. hxg4 Nf6
47. g5 Ng8 48. Rb8 Ne7 49. Nb5 Rd7 50. Ra8 Ng8 51. Nd4 Ne7 52. Nf3 Rc7 53. Ne5
Nc6 54. Ng4 Ra7 55. Rc8 Ne7 56. Re8 Ng8 57. e5 Rb7 58. Nf6 Nxf6 59. exf6+ Kh7
60. d3 Rb1 61. Kd4 Rb5 62. Re7 Kg8 63. Re8+ Kh7 64. Ke4 Rd5 65. d4 Ra5 66. Kd3
Ra4 67. Re7 Kg8 68. Re8+ Kh7 69. Rf8 Ra7 70. Ke4 Rd7 71. Re8 Rd5 72. Kd3 Ra5
73. Kc4 Rd5 74. Re7 Kg8 75. Re8+ Kh7 76. Ra8 Rd7 77. Kc5 e5 78. d5 Rc7+ 79. Kd6
Rc4 80. Rf8 exf4 81. Rxf7+ Kg8 82. Rg7+ Kf8 83. Rxg6 f3 84. Rh6 Kf7 85. Ke5 f2
86. g6+ Ke8 1-0

[Event "4NCL Division 1b"]
[Site "Hinckley Island ENG"]
[Date "2013.11.17"]
[Round "2.165"]
[White "Townsend, M Paul"]
[Black "Ferguson, Mark"]
[Result "1/2-1/2"]
[WhiteElo "2230"]
[BlackElo "2417"]
[PlyCount "88"]
[EventDate "2013.11.17"]
[WhiteTeam "White Rose 1"]
[BlackTeam "Barbican 4NCL 1"]

1. d4 d5 2. c4 c6 3. Nf3 Nf6 4. e3 e6 5. b3 c5 6. dxc5 Bxc5 7. Bb2 O-O 8. Nc3
Nc6 9. a3 dxc4 10. b4 Bd6 11. Bxc4 a6 12. O-O Qc7 13. Be2 Rd8 14. Qc2 Ne5 15.
Nxe5 Bxe5 16. f4 Bd6 17. Rac1 Qb6 18. Rf3 Bd7 19. Bd3 Rac8 20. Kh1 Be7 21. Qe2
Bc6 22. Rff1 Rd7 23. Rfd1 Rcd8 24. Bc2 h5 25. Na4 Qb5 26. Qxb5 axb5 27. Nc3 Ng4
28. Rxd7 Rxd7 29. Nd1 Rd2 30. e4 Nf2+ 31. Nxf2 Rxf2 32. Be5 f6 33. Bc7 f5 34.
Kg1 Rd2 35. Kf1 fxe4 36. Bb3 Bd5 37. Rd1 Bc4+ 38. Kg1 Rxd1+ 39. Bxd1 Bf6 40.
Be5 h4 41. Kf2 Kf7 42. Ke3 Kg6 43. Bg4 Bd5 44. g3 hxg3 1/2-1/2

[Event "4NCL Division 1b"]
[Site "Hinckley Island ENG"]
[Date "2013.11.17"]
[Round "2.166"]
[White "D'Costa, Lorin AR"]
[Black "Gantner, Matthias"]
[Result "1-0"]
[WhiteElo "2406"]
[BlackElo "2247"]
[PlyCount "45"]
[EventDate "2013.11.17"]
[WhiteTeam "Barbican 4NCL 1"]
[BlackTeam "White Rose 1"]

1. c4 e5 2. g3 Nf6 3. Bg2 Nc6 4. Nc3 Bb4 5. Nd5 Bc5 6. e3 O-O 7. Ne2 Re8 8. O-O
a5 9. f4 exf4 10. Nexf4 Nxd5 11. cxd5 Nb4 12. a3 Na6 13. b3 Bf8 14. Bb2 d6 15.
Qc2 Bd7 16. Be4 h6 17. Bh7+ Kh8 18. Nh5 Re7 19. Rf6 Bg4 20. Rxh6 f6 21. Qg6 Bf3
22. Bg8+ gxh6 23. Bxf6+ 1-0

[Event "4NCL Division 1b"]
[Site "Hinckley Island ENG"]
[Date "2013.11.17"]
[Round "2.167"]
[White "Weller, Jean-Luc"]
[Black "Grafl, Florian"]
[Result "0-1"]
[WhiteElo "2205"]
[BlackElo "2384"]
[PlyCount "60"]
[EventDate "2013.11.17"]
[WhiteTeam "White Rose 1"]
[BlackTeam "Barbican 4NCL 1"]

1. c4 Nc6 2. Nc3 e5 3. g3 f5 4. Bg2 Nf6 5. d3 Bb4 6. Bd2 O-O 7. Nh3 d6 8. f4
Ng4 9. Nd5 Bc5 10. fxe5 dxe5 11. b4 Bd4 12. Bg5 Qd7 13. b5 Nd8 14. Rb1 Ne6 15.
Qb3 Nxg5 16. Nxg5 Qd8 17. Nf3 Bf2+ 18. Kd2 e4 19. Ne1 c6 20. h3 cxd5 21. hxg4
Qg5+ 22. Kd1 Qxg4 23. cxd5 Qxg3 24. Rh3 Qg6 25. Bh1 Qg4 26. dxe4 fxe4 27. Rc3
Qg1 28. d6+ Kh8 29. Kc2 Qxh1 30. Nf3 Qh5 0-1

[Event "4NCL Division 1b"]
[Site "Hinckley Island ENG"]
[Date "2013.11.17"]
[Round "2.168"]
[White "Regan, Natasha K"]
[Black "Maroroa, Sue Y"]
[Result "0-1"]
[WhiteElo "2081"]
[BlackElo "2097"]
[PlyCount "76"]
[EventDate "2013.11.17"]
[WhiteTeam "Barbican 4NCL 1"]
[BlackTeam "White Rose 1"]

1. Nf3 g6 2. g3 Bg7 3. Bg2 e5 4. d3 Ne7 5. e4 O-O 6. Nc3 a5 7. d4 d6 8. dxe5
dxe5 9. Bg5 Qe8 10. Qd2 Kh8 11. h4 f6 12. Bh6 Bxh6 13. Qxh6 Ng8 14. Qe3 Qc6 15.
h5 g5 16. Nd5 Be6 17. O-O Na6 18. Nd2 Qe8 19. f4 gxf4 20. gxf4 Qxh5 21. Nf3 Nh6
22. fxe5 Ng4 23. Qf4 fxe5 24. Qg5 Qxg5 25. Nxg5 Bxd5 26. exd5 h6 27. Ne6 Rxf1+
28. Rxf1 Rg8 29. Re1 Nb4 30. Nxc7 Nxc2 31. Re2 Nd4 32. Re4 Nf6 33. Re3 e4 34.
Kf1 Rc8 35. d6 Nf5 36. Bh3 Nxe3+ 37. Ke2 Rd8 38. Kxe3 Rxd6 0-1

[Event "4NCL Division 1b"]
[Site "Hinckley Island ENG"]
[Date "2013.11.17"]
[Round "2.171"]
[White "Zhou, Yang-Fan"]
[Black "Gordon, Stephen J"]
[Result "1-0"]
[WhiteElo "2486"]
[BlackElo "2518"]
[PlyCount "77"]
[EventDate "2013.11.17"]
[WhiteTeam "Guildford 2"]
[BlackTeam "3Cs 1"]

1. e4 c5 2. Nf3 d6 3. d4 cxd4 4. Nxd4 Nf6 5. Nc3 a6 6. h3 e5 7. Nb3 Be7 8. Be3
O-O 9. Qf3 b5 10. a3 Nbd7 11. g4 Bb7 12. g5 Ne8 13. h4 Rc8 14. Bh3 d5 15. exd5
Nd6 16. Rd1 Rxc3 17. bxc3 Nc4 18. O-O Ndb6 19. Bg2 Na4 20. Nd2 Nxa3 21. Ne4 Nc4
22. Qg4 Bd6 23. Nf6+ Kh8 24. Qh5 h6 25. Rd3 Bc8 26. Be4 Be7 27. Ng4 Bxg4 28.
Qxg4 Nd6 29. Bg2 Nb2 30. f4 Nxd3 31. cxd3 f5 32. Qh5 exf4 33. Bxf4 Ne8 34. Re1
Kh7 35. Re6 Nc7 36. Rxh6+ gxh6 37. Qxh6+ Kg8 38. Qg6+ Kh8 39. Be5+ 1-0

[Event "4NCL Division 1b"]
[Site "Hinckley Island ENG"]
[Date "2013.11.17"]
[Round "2.172"]
[White "Ashton, Adam G"]
[Black "Flear, Glenn C"]
[Result "1-0"]
[WhiteElo "2379"]
[BlackElo "2475"]
[PlyCount "47"]
[EventDate "2013.11.17"]
[WhiteTeam "3Cs 1"]
[BlackTeam "Guildford 2"]

1. e4 e5 2. Nf3 Nc6 3. Bc4 Bc5 4. d3 Nf6 5. c3 a6 6. Bb3 Ba7 7. h3 d6 8. Nbd2
O-O 9. Nf1 h6 10. g4 Nh7 11. Rg1 Na5 12. Bc2 d5 13. Qe2 dxe4 14. dxe4 Qd6 15.
Ne3 Ng5 16. Nxg5 hxg5 17. Nf5 Qd8 18. h4 gxh4 19. g5 Re8 20. Qh5 Bxf5 21. exf5
Qd5 22. f6 e4 23. fxg7 f5 24. g6 1-0

[Event "4NCL Division 1b"]
[Site "Hinckley Island ENG"]
[Date "2013.11.17"]
[Round "2.173"]
[White "Suarez Real, Alberto"]
[Black "Longson, Alexander"]
[Result "1-0"]
[WhiteElo "2397"]
[BlackElo "2328"]
[PlyCount "123"]
[EventDate "2013.11.17"]
[WhiteTeam "Guildford 2"]
[BlackTeam "3Cs 1"]

1. e4 c5 2. Nf3 d6 3. d4 cxd4 4. Nxd4 Nf6 5. Nc3 a6 6. Bg5 e6 7. f4 Be7 8. Qf3
Qc7 9. O-O-O Nbd7 10. Bd3 h6 11. Bh4 g5 12. fxg5 Ne5 13. Qe2 Nfg4 14. Nf3 hxg5
15. Bg3 Bd7 16. h3 Nxf3 17. hxg4 Rxh1 18. Rxh1 Nh4 19. Rf1 Bc6 20. Qf2 Bf8 21.
Bxh4 gxh4 22. Qxh4 Qe7 23. Qh5 O-O-O 24. Rxf7 Be8 25. Rxe7 Bxh5 26. Rxe6 Bxg4
27. Rf6 Be7 28. Rg6 Bh5 29. Nd5 Bf8 30. Rf6 Bg7 31. Rf5 Bh6+ 32. Kb1 Bg4 33.
Rf7 Rh8 34. Rf1 Be6 35. Nf4 Bf7 36. Rh1 Kd7 37. g3 Ke7 38. b3 Kf6 39. Bc4 Bxc4
40. bxc4 Kg5 41. Rh4 Rh7 42. c3 Kf6 43. Rh5 Rh8 44. Rd5 Bxf4 45. gxf4 Rh4 46.
Rf5+ Ke6 47. Kc2 b6 48. a4 a5 49. Kd3 Rh3+ 50. Kd4 Rf3 51. Rb5 Rxf4 52. Rxb6
Ke7 53. Rb5 Rf1 54. c5 Rd1+ 55. Kc4 Re1 56. cxd6+ Kxd6 57. e5+ Kc6 58. Rxa5
Re4+ 59. Kb3 Re1 60. Rb5 Re3 61. Kb4 Rd3 62. a5 1-0

[Event "4NCL Division 1b"]
[Site "Hinckley Island ENG"]
[Date "2013.11.17"]
[Round "2.174"]
[White "Qiu, Tong"]
[Black "Kilpatrick, Callum"]
[Result "1/2-1/2"]
[WhiteElo "2289"]
[BlackElo "2347"]
[PlyCount "136"]
[EventDate "2013.11.17"]
[WhiteTeam "3Cs 1"]
[BlackTeam "Guildford 2"]

1. e4 e5 2. Nf3 Nc6 3. d4 exd4 4. Nxd4 Bc5 5. Nxc6 Qf6 6. Qf3 bxc6 7. Be2 d6 8.
O-O Qxf3 9. Bxf3 Ne7 10. Rd1 Ng6 11. h3 Ne5 12. Be2 f5 13. Nc3 Bb6 14. Bf4 Ng6
15. Be3 Bxe3 16. fxe3 Ne5 17. Bd3 fxe4 18. Nxe4 Ke7 19. Kf2 Be6 20. Ng5 Rhf8+
21. Ke2 h6 22. Nxe6 Kxe6 23. Rf1 Rfb8 24. b3 a5 25. Rf4 a4 26. b4 a3 27. Bc4+
Nxc4 28. Rxc4 c5 29. bxc5 d5 30. Rc3 Rb2 31. Kd3 Kd7 32. e4 dxe4+ 33. Kxe4 Kc6
34. Kf5 Kb5 35. Ke6 Kb4 36. Rb3+ Rxb3 37. cxb3 Re8+ 38. Kd7 Re2 39. c6 Kb5 40.
Kxc7 Rc2 41. Kd6 Rxc6+ 42. Ke7 Rc2 43. g4 Rf2 44. h4 Rg2 45. Rc1 Rxg4 46. h5 g6
47. Rc8 gxh5 48. Rb8+ Kc5 49. Ra8 Kb4 50. Ra4+ Kb5 51. Rxa3 h4 52. Ra8 h3 53.
Rd8 Rg1 54. Rd2 Rh1 55. Kd6 h2 56. a3 h5 57. Kd5 h4 58. Kd6 h3 59. Kd5 Ka5 60.
Kd6 Kb6 61. Kd5 Kb5 62. Kd6 Rb1 63. a4+ Kb4 64. Rxh2 Rxb3 65. Ke5 Kxa4 66. Kf4
Kb4 67. Kg4 Kc4 68. Rxh3 Rb8 1/2-1/2

[Event "4NCL Division 1b"]
[Site "Hinckley Island ENG"]
[Date "2013.11.17"]
[Round "2.175"]
[White "Wadsworth, Matthew J"]
[Black "Congiu, Mathilde"]
[Result "1/2-1/2"]
[WhiteElo "2189"]
[BlackElo "2242"]
[PlyCount "144"]
[EventDate "2013.11.17"]
[WhiteTeam "Guildford 2"]
[BlackTeam "3Cs 1"]

1. e4 d5 2. exd5 Qxd5 3. Nc3 Qa5 4. Bc4 Nf6 5. d3 Bg4 6. f3 Bd7 7. Bd2 Qb6 8.
Qe2 e6 9. O-O-O Nc6 10. Be3 Nd4 11. Bxd4 Qxd4 12. Ne4 b5 13. Bb3 a5 14. c3 Qb6
15. Nxf6+ gxf6 16. f4 Qd6 17. g3 a4 18. Bc2 Qd5 19. c4 Qb7 20. Nf3 Rb8 21. Bb1
bxc4 22. dxc4 Bc5 23. Rd2 Bc6 24. Rf1 Qb6 25. Rd3 Be4 26. Rc3 Bxf3 27. Rfxf3
Bd4 28. Rc2 Ke7 29. Rd3 Rhd8 30. Rcd2 Qc5 31. Rf3 a3 32. b3 Bb2+ 33. Kd1 Qg1+
34. Rf1 Rxd2+ 35. Kxd2 Rd8+ 36. Bd3 Qd4 37. Qe3 Qd6 38. Ke2 Bd4 39. Qd2 Qc6 40.
Kd1 Qb6 41. Re1 Bc5 42. Re2 Bb4 43. Qe3 Qd6 44. Kc2 Bc5 45. Qd2 Bb4 46. Qe3 h5
47. f5 Bc5 48. Qd2 Bd4 49. fxe6 Be5 50. Bf5 Qc5 51. Qe3 Qxe3 52. Rxe3 fxe6 53.
Bd3 h4 54. gxh4 Bxh2 55. h5 Bf4 56. Rh3 Bh6 57. b4 f5 58. Kb3 Kf6 59. Kxa3 e5
60. Rf3 f4 61. Kb3 Kg5 62. a4 Kg4 63. Be4 Rd4 64. Bc6 e4 65. Rf1 f3 66. a5 Be3
67. a6 Kg3 68. a7 Rd3+ 69. Kc2 Rd2+ 70. Kc3 Rd3+ 71. Kc2 Rd2+ 72. Kc3 Rd3+
1/2-1/2

[Event "4NCL Division 1b"]
[Site "Hinckley Island ENG"]
[Date "2013.11.17"]
[Round "2.177"]
[White "Povah, Nigel E"]
[Black "Horton, Andrew P"]
[Result "1-0"]
[WhiteElo "2281"]
[BlackElo "2092"]
[PlyCount "125"]
[EventDate "2013.11.17"]
[WhiteTeam "Guildford 2"]
[BlackTeam "3Cs 1"]

1. d4 Nf6 2. Bg5 Ne4 3. Bf4 d5 4. e3 c5 5. Bd3 Nf6 6. c3 Nc6 7. Nd2 e6 8. Ngf3
Bd6 9. Ne5 Qc7 10. Nxc6 bxc6 11. Bxd6 Qxd6 12. f4 Rb8 13. b3 O-O 14. O-O cxd4
15. cxd4 c5 16. dxc5 Qxc5 17. Qe2 Bb7 18. Rfc1 Qa3 19. Nf3 Rbc8 20. Rxc8 Rxc8
21. h3 Rc1+ 22. Rxc1 Qxc1+ 23. Kf2 Ba6 24. Qc2 Qa3 25. Bxa6 Ne4+ 26. Ke1 Qxa6
27. Nd2 Nd6 28. b4 h6 29. a4 Nf5 30. Nf1 Qb7 31. b5 Qb6 32. Ke2 Qd6 33. Qc8+
Kh7 34. g4 Ne7 35. Qc3 Ng8 36. a5 Nf6 37. Nd2 Qd8 38. Qb4 d4 39. e4 Ne8 40. b6
axb6 41. axb6 d3+ 42. Ke3 Nd6 43. e5 Nc8 44. b7 Nb6 45. Qd6 Nd7 46. Qxd3+ g6
47. Qxd7 Qxd7 48. b8=Q Kg7 49. Ne4 Qd1 50. Qb2 Qg1+ 51. Qf2 Qc1+ 52. Kf3 Qh1+
53. Qg2 Qd1+ 54. Kg3 Qe1+ 55. Nf2 Qc1 56. Qe4 Qc8 57. Qd4 Qc2 58. Qd3 Qc8 59.
h4 Qc1 60. f5 Qc5 61. f6+ Kh7 62. Qd6 Qe3+ 63. Kg2 1-0

[Event "4NCL Division 1b"]
[Site "Hinckley Island ENG"]
[Date "2013.11.17"]
[Round "2.178"]
[White "Walton, Alan J"]
[Black "Sarakauskiene, Zivile"]
[Result "1-0"]
[WhiteElo "2104"]
[BlackElo "2171"]
[PlyCount "77"]
[EventDate "2013.11.17"]
[WhiteTeam "3Cs 1"]
[BlackTeam "Guildford 2"]

1. d4 d5 2. c4 e6 3. Nc3 Nf6 4. cxd5 exd5 5. Bg5 Be7 6. Qc2 O-O 7. e3 c6 8. Bd3
Nbd7 9. Nge2 Re8 10. O-O Nf8 11. f3 g6 12. Rae1 Ne6 13. Bh4 c5 14. dxc5 Nxc5
15. Bb5 Rf8 16. Rd1 a6 17. Bc4 Ncd7 18. Bb3 Qb6 19. Bf2 Bc5 20. Na4 Qc6 21. Nf4
Re8 22. Nxc5 Nxc5 23. Nxd5 Nxd5 24. Bxd5 Qb5 25. e4 Ne6 26. Qd2 Kg7 27. f4 f6
28. Rc1 Re7 29. Bh4 Qb6+ 30. Kh1 Rc7 31. f5 Rxc1 32. Qxc1 gxf5 33. Rxf5 Ng5 34.
Rxg5+ fxg5 35. Qxg5+ Qg6 36. Qe7+ Kh6 37. Qf8+ Qg7 38. Qf4+ Kh5 39. Bf6 1-0

[Event "4NCL Division 1b"]
[Site "Hinckley Island ENG"]
[Date "2013.11.17"]
[Round "2.181"]
[White "Batchelor, Peter J"]
[Black "Fernandez, Daniel H"]
[Result "0-1"]
[WhiteElo "2129"]
[BlackElo "2378"]
[PlyCount "122"]
[EventDate "2013.11.17"]
[WhiteTeam "Grantham Sharks 2"]
[BlackTeam "e2e4.org.uk 1"]

1. d4 d5 2. c4 e6 3. Nc3 Nf6 4. cxd5 exd5 5. Bg5 c6 6. e3 h6 7. Bh4 Bf5 8. Bd3
Bxd3 9. Qxd3 Nbd7 10. Nge2 Be7 11. f3 O-O 12. O-O Re8 13. Rad1 b5 14. Bf2 b4
15. Na4 Qa5 16. b3 Nb6 17. Nxb6 axb6 18. Rd2 c5 19. Ng3 cxd4 20. Qxd4 g6 21.
Qf4 h5 22. Ne2 Nh7 23. h4 Nf8 24. Nd4 Bc5 25. e4 dxe4 26. fxe4 Ne6 27. Nxe6
Rxe6 28. Rd7 Rf8 29. Bxc5 Qxc5+ 30. Kh1 Re7 31. Rd5 Qc2 32. e5 Qxa2 33. Rd6
Rfe8 34. Qxb4 Qe2 35. Rdf6 Qxe5 36. Qxb6 Qg3 37. Qf2 Qxb3 38. Rf3 Qb7 39. Qg3
Qe4 40. Rf4 Qe5 41. Qb3 Rf8 42. Rf6 Kg7 43. Qf3 Rc7 44. g3 Re7 45. Kh2 Qe2+ 46.
Kh3 Qxf3 47. R1xf3 Ra8 48. g4 hxg4+ 49. Kxg4 Ra4+ 50. Kg3 Rae4 51. Kh3 R4e6 52.
Rxe6 Rxe6 53. Kg3 Re5 54. Ra3 Kh6 55. Ra7 f6 56. Rf7 f5 57. Rf8 Re3+ 58. Kg2
Kh5 59. Kf2 Ra3 60. Rg8 Ra4 61. Rh8+ Kg4 0-1

[Event "4NCL Division 1b"]
[Site "Hinckley Island ENG"]
[Date "2013.11.17"]
[Round "2.182"]
[White "Sowray, Peter J"]
[Black "Bremner, Adam"]
[Result "1-0"]
[WhiteElo "2323"]
[BlackElo "2207"]
[PlyCount "39"]
[EventDate "2013.11.17"]
[WhiteTeam "e2e4.org.uk 1"]
[BlackTeam "Grantham Sharks 2"]

1. d4 Nf6 2. c4 e6 3. Nc3 Bb4 4. e3 O-O 5. Nge2 c6 6. a3 Ba5 7. Qc2 d5 8. Ng3
Nbd7 9. Bd3 h6 10. O-O e5 11. Bd2 Bb6 12. cxd5 Nxd5 13. Nxd5 cxd5 14. dxe5 Nxe5
15. Bh7+ Kh8 16. Bc3 Qc7 17. Bf5 Be6 18. Qa4 Qd7 19. Qf4 Ng6 20. Qxh6+ 1-0